عرض عادي
عرض مارك
- موارد الطاقة المتجددة
دخول Topical Term
001 - CONTROL NUMBER
- control field: 26968
003 - CONTROL NUMBER IDENTIFIER
- control field: AE-AdECS
005 - DATE AND TIME OF LATEST TRANSACTION
- control field: 20260226081409.0
008 - FIXED-LENGTH DATA ELEMENTS
- fixed length control field: 260226|| aca||aabn | a|a d
040 ## - CATALOGING SOURCE
- Original cataloging agency: AE-AdECS
- Transcribing agency: AE-AdECS
150 ## - HEADING--TOPICAL TERM
- Topical term or geographic name entry element: موارد الطاقة المتجددة
670 ## - SOURCE DATA FOUND
- Source citation: Work cat.: (AE-AdECS)294309: الحشماوي، أحمد عبد العزيز، مؤلف. 26966, تطور تقنيات طاقة الرياح /
